Loading...
| Science - Physics | 0 | 9 | 1 | 3 | 85 | 39 | 78.67 | 3 | 5 |
| Science - Chemistry | 0 | 8 | 2 | 2 | 70 | 47 | 91.63 | 0 | 3 |
| Science - Other Science | 0 | 8 | 8 | 0 | 40 | 18 | 53.25 | 4 | 6 |
| Science - Biology | 0 | 5 | 3 | 0 | 35 | 65 | 89.00 | 0 | 1 |
| Other Academic | 0 | 2 | 0 | 0 | 20 | 80 | 98.50 | 0 | 2 |
| Fine Arts - Classical Music | 0 | 2 | 1 | 0 | 15 | 88 | 91.50 | 1 | 1 |
| Any History | 0 | 1 | 0 | 0 | 10 | 116 | 116.00 | 0 | 0 |
| Literature - British Literature | 0 | 1 | 0 | 0 | 10 | 117 | 117.00 | 0 | 0 |
| Social Science | 0 | 1 | 1 | 0 | 5 | 93 | 93.00 | 0 | 0 |
| Philosophy | 0 | 1 | 1 | 0 | 5 | 99 | 99.00 | 1 | 1 |
| Mythology | 0 | 0 | 1 | 0 | -5 | 0.00 | 0 | 0 |